MDQL
is popping MORE tags! Check the
thread
!
Quizzes
Events
Quiz Creation
Community
Videos
Private Events
Remove Ads
Sign In
Join for FREE
Feedback
Dark Mode
Quiz Categories
Sports
Geography
Music
Movies
Television
Just For Fun
Miscellaneous
History
Literature
Language
Science
Gaming
Entertainment
Religion
Holiday
For Kids
Quiz Lab
Recent
Popular Today
Quiz Kudos Today
Editor Picks
Curator Picks
Quizzes by...
Day
Popularity
Type
Ratings
Length
Year
Community
Subscriptions
Recent Discussions
Orange Saloon
Badges
Playlists
Quests
Create
Leaderboards
Showdown
Live 5
Trivia Bingo
Activity
Puzzle Library
Sporcle Events
Private Events
Virtual Trivia
Globe League
Become a Host
Pub Owners
SporcleCon
Opinionation
Our Games
Videos
Blog
Mobile Apps
Partnerships
Remove Ads and Go Orange
Feedback
Entertainment
Celebrity
Famous
Musical
Broadway
Show
Quote
Comic Books
Anime
Superhero
DC Comics
Marvel
Cartoons
Animation
Entertainment
Celebrity
Famous
Musical
Broadway
Show
Quote
Comic Books
Anime
Superhero
DC Comics
Marvel
Cartoons
Animation
Random Quiz
Search Sporcle
×
Quiz Lab
Quiz Lab
Entertainment
Movie Quotes
Type in answers that appear in a list
Type in answers that appear in a list
Classic
Best Score? Go Orange.
Directors by Movie Quote Stats
Can you name the Directors by Movie Quote?
By
dwhite105
8m
25 Questions
71 Plays
71 Plays
71 Plays
Comments
Comments
Give Quiz Kudos
Give Quiz Kudos
-
- Ratings
hide this ad
Forced Order
Answers have to be entered in order
Answers have to be entered in order
Replay
Link that replays current quiz
Next Quiz
Link to next quiz in quiz playlist
You Got
0%
They Got
Avg Score
49%
Avg Friend Score
Upgrade to see
Score Distribution
Jump to the score distribution portion of the page
Score
0/25
Timer
08:00
0
Plays Today
Quote
Director
% Correct
I'll have what she's having.
Rob Reiner
88.7%
Hasta la vista, baby.
James Cameron
84.5%
You don't understand. I coulda had class. I coulda been a contender. I coulda been somebody, instead of a bum, which is what I am, let's face it. It was you, Charley.
Elia Kazan
76.1%
I am Spartacus!
Stanley Kubrick
74.6%
The beating heart of Rome is not the marble of the Senate, it's the sand of the Colosseum. He'll bring them death and they will love him for it.
Ridley Scott
73.2%
I wish I could tell you that Andy fought the good fight, and the Sisters let him be. I wish I could tell you that -
but prison is no fairy-
tale world.
Frank Darabont
70.4%
Because some men aren't looking for anything logical, like money. They can't be bought, bullied, reasoned or negotiated with. Some men just want to watch the world burn.
Christopher Nolan
63.4%
Yeah? Well, I got her number. How do you like them apples?
Gus Van Sant
63.4%
It rubs the lotion on its skin or else it gets the hose again.
Jonathan Demme
63.4%
I'll get you, my pretty, and your little dog, too!
Victor Fleming
54.9%
Their subsequent trial turned into a sick, pathetic circus. The trial of Mickey and Mallory Knox was such an event, that it made the crime spree that preceded it pale by comparison
Oliver Stone
54.9%
You see, before he came down here, it never snowed. And afterwards, it did. If he weren't up there now...I don't think it would be snowing. Sometimes you can still catch me dancing
Tim Burton
53.5%
It's hard to put into words. I just think he's guilty. I thought it was obvious from the word, 'Go'. Nobody proved otherwise.
Sidney Lumet
46.5%
Quote
Director
% Correct
Lower your flags and march straight back to England, stopping at every home you pass by to beg forgiveness for a hundred years of theft, rape, and murder.
Mel Gibson
46.5%
No longer to be poisoned by civilization he flees, and walks alone upon the land to become lost in the wild. -
Alexander Supertramp May 1992
Sean Penn
40.8%
I am a star. I'm a star, I'm a star, I'm a star. I am a big, bright, shining star. That's right.
P.T. Anderson
38%
He killed a dog last night because the dog was scratching around in the garden. You know why? Because he had something buried in that garden that the dog scented.
Alfred Hitchcock
38%
You have part of my attention -
you have the minimum amount.
David Fincher
36.6%
What's with all these awards? They're always giving out awards. Best Fascist Dictator: Adolf Hitler.
Woody Allen
33.8%
You're my girl. You're my little girl. And now, I'm an old broken down piece of meat... and I'm alone. And I deserve to be all alone. I just don't want you to hate me.
Darren Aronofsky
33.8%
She's gone. She gave me a pen. I gave her my heart, she gave me a pen.
Cameron Crowe
31%
Four minutes, forty-
eight seconds. We're all dead. Burned to a crisp.
Wes Anderson
23.9%
Well, why don't you? Why don't you just let me be? It's because of you Jack, that I'm like this! I'm nothin'... I'm nowhere... Get off me! I can't stand being like this no more.
Ang Lee
18.3%
One of the things you learn from years of dealing with drug people, is that you can turn your back on a person, but never turn your back on a drug.
Terry Gilliam
15.5%
Anybody who ever built an empire, or changed the world, sat where you are now. And it's because they sat there that they were able to do it.
Jason Reitman
12.7%
Quiz Playlist
Details
Report
Send in Message
Add To Playlist
Classic:
Type in answers that appear in a list
Forced Order:
Answers have to be entered in order
Last Updated: Feb 16, 2017
Quiz Scoreboard
CHALLENGE
Sign Up to Join the Scoreboard
Show All
Scores
Hide
Comments
May contain spoilers
Recently Published
Colored Red Africa Blitz
by spor1
Geography
30s
Find the 'City' Movie
by crazypaving
Movies
60s
5x2 Blitz: Bands
by SL_Kpop136
Music
30s
More to Explore
Quiz From the Vault
Featured Blog Post
14 Easter Pick-up Lines to Find Eggs With
hide this ad
You Might Also Like...
Tags
Director Quiz
Movie Quotes Quiz
Today's Top Quizzes in Entertainment
Browse Entertainment
hide this ad
Today's Top Quizzes in Movie Quotes
Browse Movie Quotes
Top Contributed Quizzes in Entertainment
1
Dragon Ball Z: Goku's Fights in Order
2
Marvel Classic Character Map
3
Marvel Characters Bunker
4
BOYS PLANET Quiz
5
Celebrity Spelling Bee
6
This is Your Life: Edward Elric
7
Survivor Winners Logic Quiz
8
This is Your Life: Itachi Uchiha
9
Dragon Ball Z: Immortal Characters
10
One Piece Heroines Chapter Cover
Explore More
Trending Topics
Anime
Harry Potter
Kpop
NBA
Crossword
Disney
Marvel
Pokémon
Puzzle
Soccer
WWE
NFL
Country
The Office
Song
hide this ad
More By:
dwhite105
Quiz
Plays
Rating
Category
Featured
Created
Opening Lyrics - Lady Gaga
163,782
3.91
Music
Dec 7, 2009
Top Rated Movies of the 2000's
468
4.75
Movies
Oct 12, 2009
Elton John Albums
311
3.33
Music
Oct 7, 2009
Colleges of Super Bowl Winning QBs
197
3.60
Sports
May 7, 2012
Golden Globe Winners (Drama & Comedy)
129
3.67
Movies
Mar 12, 2010
Go to Creator's Profile
Score Distribution
Quiz Creator Spotlight
dwhite105
Follow
Send a Message
Quizzes Created
-
Created Quiz Play Count
-
More By This Creator
Popular Quizzes Today
1
Colored Red Africa Blitz
2
Find the 'City' Movie
3
5x2 Blitz: Bands
4
Find the US States - No Outlines Minefield
5
The Countries of the World
6
Find the US States
7
US States
8
Find the Countries of Europe - No Outlines Minefield
More Entertainment Quizzes
Christmas Pick: Animation
Curator's Pick
Trending Quizzes
Colored Red Europe Blitz I
Colored Red Europe Blitz II
Colored Red Africa Blitz II
Colored Red Europe Blitz III
Colored Red Africa Blitz III
Recently Updated
How Do You Spell That?
pecheneg
Godzilla Movies
pecheneg
Grab Bag: 4-10 Letters
pecheneg
2024 March Madness Bracket
pecheneg
Famous TV Couples
Peacemaker
Champions League XIs: Real Madrid
pecheneg
Largest US Cities 1790-2010
pecheneg
Rides in Walt Disney World
pecheneg
Most Oscar Losses (Acting)
pecheneg
Beyoncé Albums
pecheneg
Trending Topics
Harry Potter
Anime
Marvel
NBA
Kpop
Disney
Crossword
Pokémon
Country
WWE
Soccer
NFL
Puzzle
Song
The Office
Your Account Isn't Verified!
In order to create a playlist on Sporcle, you need to verify the email address you used during registration. Go to your
Sporcle Settings
to finish the process.
Report this User
Report this user for behavior that violates our
Community Guidelines
.
Details:
Send Report
Go to the Sporcle.com Mobile Site →
Comments